|
|
|
|
| LEADER |
01567nam a2200325 4500 |
| 001 |
DLU140165041 |
| 005 |
##20141030 |
| 020 |
# |
# |
|a 9786045003480
|
| 040 |
# |
# |
|a DLU
|b vie
|
| 041 |
# |
# |
|a vie
|
| 044 |
# |
# |
|a vn
|
| 082 |
# |
# |
|a 398.8
|b TR-N
|
| 100 |
# |
# |
|a Triều Nguyên.
|
| 245 |
# |
# |
|a Tìm hiểu các cách tu từ ngữ nghĩa được sử dụng trong ca dao người Việt /
|c Triều Nguyên.
|
| 260 |
# |
# |
|a H. :
|b Văn hoá-Thông tin,
|c 2013.
|
| 300 |
# |
# |
|a 579 tr. ;
|c 21 cm.
|
| 504 |
# |
# |
|a Tài liệu tham khảo: tr.563.
|
| 505 |
# |
# |
|a Chương I. Khái niệm cách tu từ ngữ nghĩa và tình hình nghiên cứu về các cách tu từ ngữ nghĩa được sử dụng trong ca dao -- Chương II. Các cách tu từ ngữ nghĩa cấu tạo theo quan hệ liên tưởng, được sử dụng trong ca dao -- Chương III. Các cách tu từ ngữ nghĩa cấu tạo theo quan hệ tổ hợp, được sử dụng trong ca dao -- Chương IV. Sắc thái địa phương biểu hiện qua các cách tu từ ngữ nghĩa cấu tạo theo quan hệ liên tưởng được sử dụng trong ca dao; và so sánh các cách tu từ ngữ nghĩa được sử dụng trong ca dao và trong câu đố, trong thơ lục bát của Nguyễn Bính, Nguyễn Duy.
|
| 650 |
# |
# |
|a Ca dao Việt Nam
|x Tu từ học.
|
| 923 |
# |
# |
|a 04/2014
|
| 991 |
# |
# |
|a SH
|
| 992 |
# |
# |
|a 23200
|
| 994 |
# |
# |
|a DLU
|
| 900 |
# |
# |
|a True
|
| 911 |
# |
# |
|a Đào Thị Thu Huyền
|
| 925 |
# |
# |
|a G
|
| 926 |
# |
# |
|a A
|
| 927 |
# |
# |
|a SH
|
| 980 |
# |
# |
|a Thư viện Trường Đại học Đà Lạt
|